| 000 | 01180nam a2200277Ia 4500 | ||
|---|---|---|---|
| 001 | 21647 | ||
| 005 | 20260420170736.0 | ||
| 008 | 260320s9999||||xx |||||||||||||| ||und|| | ||
| 020 | _a9786071520791 | ||
| 041 | _aESP | ||
| 082 |
_a572 _bK41 |
||
| 100 |
_aKennelly, Peter J., _eAUT |
||
| 245 | 0 | _aHarper. Bioquímica ilustrada | |
| 246 | _aHarper's Illustrated Biochemistry | ||
| 250 | _aTrigésima segunda edición | ||
| 260 |
_aCiudad de México : _bMcGrawHill _c2024 |
||
| 300 |
_ax, 806 páginas : _bcuadros ; _c27 cm. |
||
| 650 | _aTCA | ||
| 653 | _aBioquímica | ||
| 654 | _aCCS | ||
| 700 |
_aBotham, Kathleen M.; McGuinness, Owen; Rodwell, Victor W., [y otro más], _cAUTS |
||
| 856 |
_uhttps://0u216x8rb-y-https-accessmedicina-mhmedical-com.itmsp.museknowledge.com/book.aspx?bookid=3659 _zVersión digital (Trigésima tercera edición) |
||
| 856 |
_uhttps://0u216x8rb-y-https-accessmedicina-mhmedical-com.itmsp.museknowledge.com/ _zVéase además: Base de datos McGraw Hill Access Medicina |
||
| 856 |
_uhttps://0u23fx8st-y-https-www-clinicalkey-com.itmsp.museknowledge.com/student/login _zVéase además: Base de datos ClinicalKey |
||
| 942 |
_cLIB _dJUS _fMIP _2ddc |
||
| 999 |
_c21647 _d21647 |
||